000 00581cam a22002411 4500
001 sa 67007090
003 DLC
005 20260227112413.0
008 890425s1967 ii b 000 0 hino
010 _asa 67007090
035 _a(OCoLC)19601654
040 _aDLC
_cWaU
_dDLC
042 _apremarc
043 _aa-ii---
050 0 0 _aDS245
_b.D85
100 0 _aViyogī Hari,
_d1895-
245 1 0 _aHamāri paramparā.
260 _c1967.
300 _a26, 593 p.
_c23 cm.
500 _aIn Hindi.
504 _aBibliographical footnotes.
651 0 _aIndia
_xCivilization.
999 _c76351
_d76351